|
|
|
|
| LEADER |
00623nab a2200169 i 4500 |
| 001 |
delm135261 |
| 005 |
20191202092459.0 |
| 008 |
191202s2005 hu o 0|| hun d |
| 040 |
|
|
|a SZTE Délmagyarország Archívum
|b hun
|
| 041 |
|
|
|a hun
|
| 100 |
1 |
|
|a Hollósi Zsolt
|
| 245 |
1 |
3 |
|a Az év zenésze
|h [elektronikus dokumentum] :
|b Kecskés György : a szimfonikusok kürtöse Makón és a Szegeden is tanít /
|c Hollósi Zsolt
|
| 260 |
|
|
|c 2005-09-16
|
| 300 |
|
|
|a 7
|
| 490 |
0 |
|
|a Délmagyarország
|v 95 No. 217
|
| 695 |
|
|
|a Kecskés György, Szeged, Zenész kürtművész Szeged, Szegedi Szimfonikus Zenekar
|
| 700 |
0 |
1 |
|a Kecskés György
|e aut
|